BIT. Numerical mathematics.

Bibliographic Details
Previous Title:BIT
Format: Journal
Language:English
Published: Copenhagen, Denmark : BIT Foundation, 1995-
Lisse, Netherlands : Swets & Zeitlinger Publishers.
Dordrecht : Kluwer Academic Publishers.
[Dordrecht] : Springer Netherlands.
Subjects:
Online Availability: Check for online availability

MARC

Tag First Indicator Second Indicator Subfields
LEADER 00000cas a2200000 a 4500
001 in00000089878
005 20151008063538.0
008 761011c19959999ne qr p 0 0eng c
010 |a sn 95029245  
019 |a 176336927  |a 866102893 
022 |a 0006-3835  |l 0006-3835 
029 1 |a NZ1  |b 4327052 
029 1 |a NZ1  |b 9724250 
029 1 |a AU@  |b 000011993510 
029 1 |a AU@  |b 000043286272 
030 |a NBITAB 
035 |a (OCoLC)ocm32995400 
037 |b Allen Press, Inc., 810 E. 10th St., Lawrence, KS 66044  |c $160.00 (institutions)  |c $65.00 (individuals) 
040 |a GAT  |b eng  |c GAT  |d GUA  |d DLC  |d IUL  |d OCL  |d DLC  |d CUS  |d GUA  |d HNK  |d OCLCQ  |d MYG  |d OCLCQ  |d OCLCF  |d SLY  |d UtOrBLW 
042 |a pcc 
049 |a TXAM 
050 0 0 |a QA297  |b .B524 
090 |a QA76  |b .N622 
245 0 0 |a BIT.  |p Numerical mathematics. 
246 3 0 |a Numerical mathematics 
264 1 |a Copenhagen, Denmark :  |b BIT Foundation,  |c 1995- 
264 1 |3 1998-2002 :  |a Lisse, Netherlands :  |b Swets & Zeitlinger Publishers. 
264 1 |3 2003-2004 :  |a Dordrecht :  |b Kluwer Academic Publishers. 
264 1 |3 2005- :  |a [Dordrecht] :  |b Springer Netherlands. 
300 |a volumes :  |b illustrations ;  |c 25 cm. 
310 |a Quarterly (Mar., June, Sept., Dec.) 
336 |a text  |b txt  |2 rdacontent 
337 |a unmediated  |b n  |2 rdamedia 
338 |a volume  |b nc  |2 rdacarrier 
362 0 |a Vol. 35, no. 1 (Mar. 1995)- 
500 |a Title from cover. 
500 |a Special issue, BIT 40th Anniversary, Aug. 2000. 
515 |a Continues numbering of earlier title. 
555 |a Vols. 33 (1993)-36 (1996). 1 v. (Includes index to earlier title.). 
588 |a Latest issue consulted: Vol. 49, no. 3 (Sept. 2009) (surrogate). 
650 0 |a Numerical analysis  |v Periodicals. 
650 7 |a Numerical analysis.  |2 fast  |0 (OCoLC)fst01041273 
655 7 |a Periodicals.  |2 fast  |0 (OCoLC)fst01411641 
776 0 8 |i Online version:  |t BIT. Numerical mathematics (Online)  |w (DLC) 2004233282  |w (OCoLC)51522871 
780 0 1 |t BIT  |x 0006-3835  |w (DLC) 83643188  |w (OCoLC)2495382 
850 |a DLC  |a GU  |a InU 
994 |a C0  |b TXA 
949 |a updated  |b h  |c 2014/5/22  |e coplinger  |f 10:43:17 am 
999 |a MARS 
999 f f |s d94f34bf-ea2c-3de5-803a-44522f650335  |i 7d401b4e-3a60-36f8-b56a-95c82a5fa0a6  |t 0 
952 f f |p ric  |a Texas A&M University  |b Rellis Campus  |c Joint Library Facility  |d Remote Storage  |t 0  |e QA76 .N622  |h Library of Congress classification  |i unmediated -- volume  |k v.40:no.1-2  |l 2000:Mar.-June  |m A14827252837 
952 f f |p ric  |a Texas A&M University  |b Rellis Campus  |c Joint Library Facility  |d Remote Storage  |t 0  |e QA76 .N622  |h Library of Congress classification  |i unmediated -- volume  |k v.38:no.3-4  |l 1998:Sept.-Dec.  |m A14825284731 
952 f f |p ric  |a Texas A&M University  |b Rellis Campus  |c Joint Library Facility  |d Remote Storage  |t 0  |e QA76 .N622  |h Library of Congress classification  |i unmediated -- volume  |k v.41:no.1-2  |l 2001:Mar.-June  |m A14828192933 
952 f f |p ric  |a Texas A&M University  |b Rellis Campus  |c Joint Library Facility  |d Remote Storage  |t 0  |e QA76 .N622  |h Library of Congress classification  |i unmediated -- volume  |k v.37:no.1-2  |l 1997:Mar.-June  |m A14822115886 
952 f f |p ric  |a Texas A&M University  |b Rellis Campus  |c Joint Library Facility  |d Remote Storage  |t 0  |e QA76 .N622  |h Library of Congress classification  |i unmediated -- volume  |k v.41:no.3-4  |l 2001:Sept.-Dec.  |m A14828782673 
952 f f |p ric  |a Texas A&M University  |b Rellis Campus  |c Joint Library Facility  |d Remote Storage  |t 0  |e QA76 .N622  |h Library of Congress classification  |i unmediated -- volume  |k v.41:no.5  |l 2001  |m A14829260975 
952 f f |p ric  |a Texas A&M University  |b Rellis Campus  |c Joint Library Facility  |d Remote Storage  |t 0  |e QA76 .N622  |h Library of Congress classification  |i unmediated -- volume  |k v.36:no.1-2  |l 1996:Mar.-June  |m A14821211134 
952 f f |p ric  |a Texas A&M University  |b Rellis Campus  |c Joint Library Facility  |d Remote Storage  |t 0  |e QA76 .N622  |h Library of Congress classification  |i unmediated -- volume  |k v.38:no.1-2  |l 1998:Mar.-June  |m A14823766957 
952 f f |p ric  |a Texas A&M University  |b Rellis Campus  |c Joint Library Facility  |d Remote Storage  |t 0  |e QA76 .N622  |h Library of Congress classification  |i unmediated -- volume  |k v.39:no.1-2  |l 1999:Mar.-June  |m A14825284935 
952 f f |p ric  |a Texas A&M University  |b Rellis Campus  |c Joint Library Facility  |d Remote Storage  |t 0  |e QA76 .N622  |h Library of Congress classification  |i unmediated -- volume  |k v.39:no.3-4  |l 1999:Sept.-Dec.  |m A14827252803 
952 f f |p ric  |a Texas A&M University  |b Rellis Campus  |c Joint Library Facility  |d Remote Storage  |t 0  |e QA76 .N622  |h Library of Congress classification  |i unmediated -- volume  |k v.35  |l 1995  |m A14820120534 
952 f f |p ric  |a Texas A&M University  |b Rellis Campus  |c Joint Library Facility  |d Remote Storage  |t 0  |e QA76 .N622  |h Library of Congress classification  |i unmediated -- volume  |k v.36:no.3-4  |l 1996:Sept.-Dec.  |m A14821207119 
952 f f |p ric  |a Texas A&M University  |b Rellis Campus  |c Joint Library Facility  |d Remote Storage  |t 0  |e QA76 .N622  |h Library of Congress classification  |i unmediated -- volume  |k v.42:no.1-2  |l 2002:Mar.-June  |m A14831779223 
952 f f |p ric  |a Texas A&M University  |b Rellis Campus  |c Joint Library Facility  |d Remote Storage  |t 0  |e QA76 .N622  |h Library of Congress classification  |i unmediated -- volume  |k v.37:no.3-4  |l 1997:Sept.-Dec.  |m A14823751910 
952 f f |p ric  |a Texas A&M University  |b Rellis Campus  |c Joint Library Facility  |d Remote Storage  |t 0  |e QA76 .N622  |h Library of Congress classification  |i unmediated -- volume  |k v.43:no.4  |l 2003:Dec.  |m A14831802351 
952 f f |p ric  |a Texas A&M University  |b Rellis Campus  |c Joint Library Facility  |d Remote Storage  |t 0  |e QA76 .N622  |h Library of Congress classification  |i unmediated -- volume  |k v.40:no.3-4  |l 2000:Sept.-Dec.  |m A14828192975 
952 f f |p ric  |a Texas A&M University  |b Rellis Campus  |c Joint Library Facility  |d Remote Storage  |t 0  |e QA76 .N622  |h Library of Congress classification  |i unmediated -- volume  |k v.43:no.1-3  |l 2003:Mar.-Sept.  |m A14831779354 
952 f f |p ric  |a Texas A&M University  |b Rellis Campus  |c Joint Library Facility  |d Remote Storage  |t 0  |e QA76 .N622  |h Library of Congress classification  |i unmediated -- volume  |k v.42:no3-4  |l 2002:Sept.-Dec.  |m A14831779265 
998 f f |a QA76 .N622  |s v.35-43 (1995-2003)  |t 0  |l Remote Storage